| 000 | 00961cam a22002532 4500 | ||
|---|---|---|---|
| 001 | 0000025520 | ||
| 005 | 20151217154552.0 | ||
| 008 | 151014s xx 000 0 eng d | ||
| 020 | _a1628101065 : | ||
| 040 |
_aKABU _cKABU |
||
| 100 | 1 |
_aCarbonneau, Thomas F. _@0000182412 |
|
| 245 | 1 | 0 |
_aCases and materials on arbitration law and practice / _cThomas E. Carbonneau. |
| 250 | _a7th ed. | ||
| 260 |
_aSt. Paul, MN : _bWest Academic publishing, _c2015. |
||
| 300 | _axxviii, 1042 p. | ||
| 650 | 0 |
_aArbitration and award _xCases _zUnited States. _@0000182413 |
|
| 852 | 1 | _9p53500 KES | |
| 852 | 1 | _9p53500 KES | |
| 852 | 1 | _9p53500 KES | |
| 852 | 1 | _9p53500 KES | |
| 852 | 1 | _9p53500 KES | |
| 908 | _a151014 | ||
| 950 | _@1 | ||
| 999 |
_c11773 _d11773 |
||